000 00294nam a22001337a 4500
008 171023b xxu||||| |||| 00| 0 eng d
020 _a0321293150
041 _aeng
080 _210TH
_a311
100 _a55
101 _aSTA
245 _aELEMENTARY STATISTICS
_cTRIOLA,M.F
942 _2udc
_cBK
999 _c35526
_d35526